-
MANAVALAN , DR. R. AND RAMASAMY, DR.C
Entry Personal Name
Number of records used in: 1
001 - CONTROL NUMBER
003 - CONTROL NUMBER IDENTIFIER
005 - DATE AND TIME OF LATEST TRANSACTION
- control field:
20210306163724.0
008 - FIXED-LENGTH DATA ELEMENTS
- fixed length control field:
210306|| aca||aabn | a|a d
040 ## - CATALOGING SOURCE
- Original cataloging agency:
OSt
- Transcribing agency:
OSt
100 ## - HEADING--PERSONAL NAME
- Personal name:
MANAVALAN , DR. R. AND RAMASAMY, DR.C
670 ## - SOURCE DATA FOUND
- Source citation:
Work cat.: (OSt): MANAVALAN , DR. R. AND RAMASAMY, DR.C, PHYSICAL PHARMACEUTICS , 2015